[Event "April 9 Late 2024"]
[Site "Chess.com"]
[Date "2024.04.09"]
[Round "6"]
[White "Nguyen, Ngoc Truong Son"]
[Black "Papasimakopoulos, Alexandros"]
[Result "1-0"]
[Board "23"]
[WhiteFideId "12401110"]
[BlackFideId "4244125"]
[WhiteTitle "GM"]
[BlackTitle "FM"]
[WhiteElo "2889"]
[BlackElo "2728"]
[WhiteTeam "VIE"]
[BlackTeam "GRE"]
[WhiteClock "0:00:39"]
[BlackClock "0:00:42"]
[Variant "Standard"]

1. e4 {[%clk 0:02:59]}  e6 {[%clk 0:03:00]} 2. d4 {[%clk 0:02:59]}  d5 {[%clk 0:03:01]} 3. Nc3 {[%clk 0:02:59]}  Bb4 {[%clk 0:03:01]} 4. exd5 {[%clk 0:02:57]}  exd5 {[%clk 0:03:01]} 5. Bd3 {[%clk 0:02:57]}  Nc6 {[%clk 0:03:01]} 6. Ne2 {[%clk 0:02:58]}  Nge7 {[%clk 0:03:00]} 7. Bg5 {[%clk 0:02:56]}  f6 {[%clk 0:02:59]} 8. Bf4 {[%clk 0:02:55]}  Bf5 {[%clk 0:02:57]} 9. Bxf5 {[%clk 0:02:52]}  Nxf5 {[%clk 0:02:57]} 10. Qd3 {[%clk 0:02:53]}  Qd7 {[%clk 0:02:55]} 11. O-O {[%clk 0:02:52]}  h5 {[%clk 0:02:46]} 12. Nb5 {[%clk 0:02:38]}  Ba5 {[%clk 0:02:42]} 13. Bxc7 {[%clk 0:02:35]}  Nb4 {[%clk 0:02:28]} 14. Qxf5 {[%clk 0:02:26]}  Qxf5 {[%clk 0:02:25]} 15. Nd6+ {[%clk 0:02:26]}  Kd7 {[%clk 0:02:24]} 16. Nxf5 {[%clk 0:02:27]}  Bxc7 {[%clk 0:02:25]} 17. c3 {[%clk 0:02:24]}  Nc6 {[%clk 0:02:25]} 18. Nxg7 {[%clk 0:02:12]}  Ne7 {[%clk 0:02:24]} 19. Ng3 {[%clk 0:02:12]}  Rag8 {[%clk 0:02:10]} 20. N7xh5 {[%clk 0:02:08]}  Rh6 {[%clk 0:02:04]} 21. Rae1 {[%clk 0:02:05]}  Rg5 {[%clk 0:02:03]} 22. h4 {[%clk 0:01:52]}  Rgxh5 {[%clk 0:02:02]} 23. Nxh5 {[%clk 0:01:53]}  Rxh5 {[%clk 0:02:03]} 24. g3 {[%clk 0:01:54]}  Rh7 {[%clk 0:01:59]} 25. Kg2 {[%clk 0:01:54]}  Nf5 {[%clk 0:01:58]} 26. Rh1 {[%clk 0:01:53]}  Nd6 {[%clk 0:01:56]} 27. h5 {[%clk 0:01:47]}  Ne4 {[%clk 0:01:55]} 28. g4 {[%clk 0:01:40]}  Ng5 {[%clk 0:01:42]} 29. Re2 {[%clk 0:01:30]}  Bd6 {[%clk 0:01:26]} 30. Rhe1 {[%clk 0:01:27]}  f5 {[%clk 0:01:25]} 31. f3 {[%clk 0:01:26]}  fxg4 {[%clk 0:01:25]} 32. fxg4 {[%clk 0:01:27]}  Ne4 {[%clk 0:01:25]} 33. Rxe4 {[%clk 0:01:21]}  dxe4 {[%clk 0:01:26]} 34. Rxe4 {[%clk 0:01:22]}  Be7 {[%clk 0:01:19]} 35. Re5 {[%clk 0:01:16]}  Rg7 {[%clk 0:01:19]} 36. Kf3 {[%clk 0:01:14]}  Bg5 {[%clk 0:01:19]} 37. Rf5 {[%clk 0:01:04]}  Bc1 {[%clk 0:01:19]} 38. b4 {[%clk 0:01:01]}  a6 {[%clk 0:01:18]} 39. c4 {[%clk 0:00:59]}  Bd2 {[%clk 0:01:11]} 40. a3 {[%clk 0:00:59]}  Bc1 {[%clk 0:01:10]} 41. a4 {[%clk 0:00:59]}  Bd2 {[%clk 0:01:11]} 42. b5 {[%clk 0:00:59]}  a5 {[%clk 0:01:08]} 43. c5 {[%clk 0:00:56]}  Bc3 {[%clk 0:01:07]} 44. d5 {[%clk 0:00:55]}  Bd2 {[%clk 0:01:06]} 45. Rf6 {[%clk 0:00:53]}  Re7 {[%clk 0:01:02]} 46. c6+ {[%clk 0:00:51]}  bxc6 {[%clk 0:01:01]} 47. bxc6+ {[%clk 0:00:51]}  Ke8 {[%clk 0:00:56]} 48. d6 {[%clk 0:00:51]}  Re3+ {[%clk 0:00:56]} 49. Kf2 {[%clk 0:00:52]}  Rc3 {[%clk 0:00:52]} 50. d7+ {[%clk 0:00:39]}  Ke7 {[%clk 0:00:48]} 51. Re6+ {[%clk 0:00:39]}  Kxe6 {[%clk 0:00:42]} 52. d8=Q {[%clk 0:00:39]} 1-0

[Event "April 9 Late 2024"]
[Site "Chess.com"]
[Date "2024.04.09"]
[Round "6"]
[White "Kovalev, Vladislav"]
[Black "Domalchuk-Jonasson, Aleksandr"]
[Result "1-0"]
[Board "25"]
[WhiteFideId "13504398"]
[BlackFideId "14142805"]
[WhiteTitle "GM"]
[BlackTitle "FM"]
[WhiteElo "2876"]
[BlackElo "2634"]
[WhiteTeam "FID"]
[BlackTeam "ISL"]
[WhiteClock "0:00:04"]
[BlackClock "0:00:05"]
[Variant "Standard"]

1. e4 {[%clk 0:02:53]}  Nc6 {[%clk 0:02:57]} 2. Nf3 {[%clk 0:02:52]}  d5 {[%clk 0:02:57]} 3. exd5 {[%clk 0:02:51]}  Qxd5 {[%clk 0:02:58]} 4. Nc3 {[%clk 0:02:52]}  Qa5 {[%clk 0:02:54]} 5. Bb5 {[%clk 0:02:52]}  Bd7 {[%clk 0:02:52]} 6. O-O {[%clk 0:02:44]}  a6 {[%clk 0:02:50]} 7. Ba4 {[%clk 0:02:41]}  Nf6 {[%clk 0:02:47]} 8. d4 {[%clk 0:02:33]}  e6 {[%clk 0:02:47]} 9. Re1 {[%clk 0:02:32]}  Bd6 {[%clk 0:02:30]} 10. d5 {[%clk 0:02:17]}  O-O-O {[%clk 0:02:30]} 11. dxc6 {[%clk 0:02:03]}  Bxc6 {[%clk 0:02:30]} 12. Bxc6 {[%clk 0:01:59]}  Bxh2+ {[%clk 0:02:29]} 13. Nxh2 {[%clk 0:02:00]}  Rxd1 {[%clk 0:02:29]} 14. Bxb7+ {[%clk 0:02:00]}  Kxb7 {[%clk 0:02:29]} 15. Rxd1 {[%clk 0:02:01]}  h6 {[%clk 0:02:14]} 16. Be3 {[%clk 0:01:58]}  Qf5 {[%clk 0:01:46]} 17. Rd2 {[%clk 0:01:47]}  g5 {[%clk 0:01:41]} 18. Rad1 {[%clk 0:01:36]}  g4 {[%clk 0:01:40]} 19. Rd4 {[%clk 0:01:31]}  h5 {[%clk 0:01:32]} 20. Rf4 {[%clk 0:01:26]}  Qe5 {[%clk 0:01:17]} 21. Rb4+ {[%clk 0:00:41]}  Kc8 {[%clk 0:00:52]} 22. Nf1 {[%clk 0:00:35]}  h4 {[%clk 0:00:47]} 23. Bd4 {[%clk 0:00:34]}  Qf4 {[%clk 0:00:34]} 24. Bxf6 {[%clk 0:00:19]}  Qxf6 {[%clk 0:00:35]} 25. Rxg4 {[%clk 0:00:19]}  h3 {[%clk 0:00:35]} 26. Rd3 {[%clk 0:00:09]}  h2+ {[%clk 0:00:20]} 27. Nxh2 {[%clk 0:00:06]}  Qh6 {[%clk 0:00:21]} 28. Rh3 {[%clk 0:00:06]}  Qc1+ {[%clk 0:00:21]} 29. Nf1 {[%clk 0:00:06]}  Rxh3 {[%clk 0:00:22]} 30. gxh3 {[%clk 0:00:07]}  Qxb2 {[%clk 0:00:19]} 31. Rg3 {[%clk 0:00:07]}  Qxc2 {[%clk 0:00:18]} 32. h4 {[%clk 0:00:07]}  Qh7 {[%clk 0:00:18]} 33. Rh3 {[%clk 0:00:08]}  Kd7 {[%clk 0:00:14]} 34. h5 {[%clk 0:00:08]}  Ke7 {[%clk 0:00:14]} 35. h6 {[%clk 0:00:08]}  Kf6 {[%clk 0:00:14]} 36. Ne3 {[%clk 0:00:07]}  Kg5 {[%clk 0:00:13]} 37. Ne4+ {[%clk 0:00:05]}  Kf4 {[%clk 0:00:11]} 38. Rh4+ {[%clk 0:00:06]}  Ke5 {[%clk 0:00:11]} 39. Ng5 {[%clk 0:00:04]}  Qb1+ {[%clk 0:00:09]} 40. Kg2 {[%clk 0:00:04]}  Qg6 {[%clk 0:00:08]} 41. f4+ {[%clk 0:00:03]}  Kd4 {[%clk 0:00:07]} 42. h7 {[%clk 0:00:03]}  Kxe3 {[%clk 0:00:07]} 43. h8=Q {[%clk 0:00:03]}  Qc2+ {[%clk 0:00:08]} 44. Kh3 {[%clk 0:00:02]}  Qf5+ {[%clk 0:00:07]} 45. Rg4 {[%clk 0:00:02]}  Qd3 {[%clk 0:00:06]} 46. Qh4 {[%clk 0:00:02]}  Ke2+ {[%clk 0:00:05]} 47. Rg3 {[%clk 0:00:02]}  Qd1 {[%clk 0:00:06]} 48. Qg4+ {[%clk 0:00:02]}  Ke1 {[%clk 0:00:06]} 49. Qxd1+ {[%clk 0:00:03]}  Kxd1 {[%clk 0:00:07]} 50. Nxf7 {[%clk 0:00:04]}  e5 {[%clk 0:00:05]} 51. Nxe5 {[%clk 0:00:04]} 1-0

[Event "April 9 Late 2024"]
[Site "Chess.com"]
[Date "2024.04.09"]
[Round "6"]
[White "Badacsonyi, Stanley"]
[Black "Cieslak, Patryk"]
[Result "0-1"]
[Board "27"]
[WhiteFideId "486973"]
[BlackFideId "21078882"]
[WhiteTitle "CM"]
[BlackTitle "FM"]
[WhiteElo "2590"]
[BlackElo "2871"]
[WhiteTeam "ENG"]
[BlackTeam "POL"]
[WhiteClock "0:02:18"]
[BlackClock "0:02:04"]
[Variant "Standard"]

1. d4 {[%clk 0:03:00]}  Nf6 {[%clk 0:02:58]} 2. Nc3 {[%clk 0:03:01]}  e6 {[%clk 0:02:59]} 3. e4 {[%clk 0:03:00]}  d5 {[%clk 0:02:59]} 4. Bg5 {[%clk 0:03:00]}  Bb4 {[%clk 0:02:59]} 5. exd5 {[%clk 0:03:00]}  exd5 {[%clk 0:02:55]} 6. Qf3 {[%clk 0:02:57]}  Qe7+ {[%clk 0:02:36]} 7. Ne2 {[%clk 0:02:51]}  Bxc3+ {[%clk 0:02:31]} 8. bxc3 {[%clk 0:02:47]}  Nbd7 {[%clk 0:02:28]} 9. g3 {[%clk 0:02:46]}  h6 {[%clk 0:02:27]} 10. Bf4 {[%clk 0:02:45]}  Nb6 {[%clk 0:02:22]} 11. Bg2 {[%clk 0:02:43]}  Nc4 {[%clk 0:02:15]} 12. h3 {[%clk 0:02:43]}  Bf5 {[%clk 0:02:13]} 13. O-O {[%clk 0:02:37]}  Be4 {[%clk 0:02:13]} 14. Rfe1 {[%clk 0:02:26]}  Bxf3 {[%clk 0:02:13]} 15. Bxf3 {[%clk 0:02:27]}  O-O {[%clk 0:02:12]} 16. g4 {[%clk 0:02:27]}  Ne4 {[%clk 0:02:10]} 17. Ng3 {[%clk 0:02:26]}  Ncd6 {[%clk 0:02:05]} 18. Bxd6 {[%clk 0:02:22]}  Qxd6 {[%clk 0:02:04]} 19. Nxe4 {[%clk 0:02:22]}  dxe4 {[%clk 0:02:05]} 20. Bxe4 {[%clk 0:02:23]}  c6 {[%clk 0:02:05]} 21. Bg2 {[%clk 0:02:22]}  Rae8 {[%clk 0:02:05]} 22. Rab1 {[%clk 0:02:22]}  Qc7 {[%clk 0:02:06]} 23. c4 {[%clk 0:02:21]}  Rxe1+ {[%clk 0:02:06]} 24. Rxe1 {[%clk 0:02:20]}  Rd8 {[%clk 0:02:06]} 25. d5 {[%clk 0:02:21]}  cxd5 {[%clk 0:02:07]} 26. Bxd5 {[%clk 0:02:20]}  b6 {[%clk 0:02:07]} 27. Re3 {[%clk 0:02:20]}  Kf8 {[%clk 0:02:05]} 28. Rf3 {[%clk 0:02:20]}  Rxd5 {[%clk 0:02:04]} 29. cxd5 {[%clk 0:02:18]}  Qxc2 {[%clk 0:02:04]} 0-1

[Event "April 9 Late 2024"]
[Site "Chess.com"]
[Date "2024.04.09"]
[Round "6"]
[White "Tari, Aryan"]
[Black "Kalavannan, Koby"]
[Result "1-0"]
[Board "32"]
[WhiteFideId "1510045"]
[BlackFideId "425753"]
[WhiteTitle "GM"]
[BlackTitle "FM"]
[WhiteElo "2900"]
[BlackElo "2648"]
[WhiteTeam "NOR"]
[BlackTeam "ENG"]
[WhiteClock "0:00:25"]
[BlackClock "0:00:01"]
[Variant "Standard"]

1. d4 {[%clk 0:03:00]}  Nf6 {[%clk 0:03:00]} 2. Nf3 {[%clk 0:03:00]}  g6 {[%clk 0:03:00]} 3. Nbd2 {[%clk 0:03:00]}  d5 {[%clk 0:02:48]} 4. b3 {[%clk 0:03:00]}  a5 {[%clk 0:02:47]} 5. a4 {[%clk 0:02:37]}  Bg7 {[%clk 0:02:46]} 6. Bb2 {[%clk 0:02:37]}  Ne4 {[%clk 0:02:44]} 7. e3 {[%clk 0:02:36]}  c5 {[%clk 0:02:41]} 8. Bd3 {[%clk 0:02:04]}  Bf5 {[%clk 0:02:31]} 9. Nh4 {[%clk 0:01:55]}  Nxd2 {[%clk 0:02:28]} 10. Nxf5 {[%clk 0:01:52]}  gxf5 {[%clk 0:02:25]} 11. Qxd2 {[%clk 0:01:52]}  e6 {[%clk 0:02:20]} 12. O-O-O {[%clk 0:01:43]}  Nc6 {[%clk 0:02:01]} 13. dxc5 {[%clk 0:01:36]}  Bxb2+ {[%clk 0:02:02]} 14. Kxb2 {[%clk 0:01:36]}  Qf6+ {[%clk 0:01:56]} 15. Qc3 {[%clk 0:01:36]}  Ke7 {[%clk 0:01:55]} 16. Bb5 {[%clk 0:01:22]}  Rhc8 {[%clk 0:01:40]} 17. h3 {[%clk 0:01:16]}  Qxc3+ {[%clk 0:01:33]} 18. Kxc3 {[%clk 0:01:16]}  Nb4 {[%clk 0:01:33]} 19. Kb2 {[%clk 0:01:13]}  Rxc5 {[%clk 0:01:32]} 20. c3 {[%clk 0:01:13]}  Nc6 {[%clk 0:01:32]} 21. g4 {[%clk 0:01:10]}  fxg4 {[%clk 0:01:27]} 22. hxg4 {[%clk 0:01:10]}  Rg8 {[%clk 0:01:27]} 23. Be2 {[%clk 0:01:06]}  Ne5 {[%clk 0:01:22]} 24. Rxh7 {[%clk 0:01:00]}  Nxg4 {[%clk 0:01:21]} 25. Rg1 {[%clk 0:00:59]}  Nf6 {[%clk 0:01:18]} 26. Rxg8 {[%clk 0:01:00]}  Nxg8 {[%clk 0:01:17]} 27. Bh5 {[%clk 0:00:57]}  d4 {[%clk 0:00:47]} 28. cxd4 {[%clk 0:00:48]}  Rf5 {[%clk 0:00:46]} 29. f4 {[%clk 0:00:47]}  Kf8 {[%clk 0:00:35]} 30. Bf3 {[%clk 0:00:43]}  b6 {[%clk 0:00:33]} 31. Be4 {[%clk 0:00:38]}  Rf6 {[%clk 0:00:30]} 32. Kc3 {[%clk 0:00:34]}  Rh6 {[%clk 0:00:13]} 33. Rxh6 {[%clk 0:00:34]}  Nxh6 {[%clk 0:00:14]} 34. Kc4 {[%clk 0:00:33]}  Ng4 {[%clk 0:00:14]} 35. Kb5 {[%clk 0:00:33]}  Nxe3 {[%clk 0:00:13]} 36. Kxb6 {[%clk 0:00:33]}  f5 {[%clk 0:00:13]} 37. Bb7 {[%clk 0:00:25]}  Nc2 {[%clk 0:00:13]} 38. Kxa5 {[%clk 0:00:25]}  Nxd4 {[%clk 0:00:11]} 39. b4 {[%clk 0:00:24]}  Ke7 {[%clk 0:00:08]} 40. Kb6 {[%clk 0:00:24]}  Ne2 {[%clk 0:00:04]} 41. a5 {[%clk 0:00:25]}  Nxf4 {[%clk 0:00:02]} 42. a6 {[%clk 0:00:25]}  Nd3 {[%clk 0:00:02]} 43. a7 {[%clk 0:00:24]}  Nxb4 {[%clk 0:00:02]} 44. a8=Q {[%clk 0:00:25]}  Nd3 {[%clk 0:00:01]} 45. Qa3+ {[%clk 0:00:25]} 1-0

[Event "April 9 Late 2024"]
[Site "Chess.com"]
[Date "2024.04.09"]
[Round "6"]
[White "Bobadilla Viera, Jorge Samuel"]
[Black "Zhigalko, Sergei"]
[Result "0-1"]
[Board "34"]
[WhiteFideId "3906353"]
[BlackFideId "13502956"]
[WhiteTitle "IM"]
[BlackTitle "GM"]
[WhiteElo "2621"]
[BlackElo "2888"]
[WhiteTeam "VEN"]
[BlackTeam "BLR"]
[WhiteClock "0:01:02"]
[BlackClock "0:01:23"]
[Variant "Standard"]

1. d4 {[%clk 0:02:55]}  Nf6 {[%clk 0:02:59]} 2. Nf3 {[%clk 0:02:55]}  e6 {[%clk 0:02:59]} 3. e3 {[%clk 0:02:56]}  b6 {[%clk 0:02:59]} 4. Bd3 {[%clk 0:02:55]}  Bb7 {[%clk 0:02:58]} 5. O-O {[%clk 0:02:56]}  d5 {[%clk 0:02:59]} 6. b3 {[%clk 0:02:55]}  Bd6 {[%clk 0:02:59]} 7. Bb2 {[%clk 0:02:56]}  O-O {[%clk 0:02:59]} 8. Nbd2 {[%clk 0:02:56]}  Ne4 {[%clk 0:02:55]} 9. c4 {[%clk 0:02:54]}  Nd7 {[%clk 0:02:55]} 10. Qc2 {[%clk 0:02:52]}  f5 {[%clk 0:02:55]} 11. Ne5 {[%clk 0:02:51]}  Bxe5 {[%clk 0:02:55]} 12. dxe5 {[%clk 0:02:51]}  Ndc5 {[%clk 0:02:55]} 13. Be2 {[%clk 0:02:37]}  Nxd2 {[%clk 0:02:17]} 14. Qxd2 {[%clk 0:02:36]}  Qg5 {[%clk 0:02:17]} 15. f4 {[%clk 0:02:29]}  Qg6 {[%clk 0:02:17]} 16. Bf3 {[%clk 0:02:06]}  dxc4 {[%clk 0:02:14]} 17. Bxb7 {[%clk 0:02:04]}  Nxb7 {[%clk 0:02:13]} 18. bxc4 {[%clk 0:02:04]}  Rfd8 {[%clk 0:02:09]} 19. Qe2 {[%clk 0:02:01]}  Nc5 {[%clk 0:02:07]} 20. Rad1 {[%clk 0:02:01]}  Qe8 {[%clk 0:01:56]} 21. Rxd8 {[%clk 0:01:57]}  Rxd8 {[%clk 0:01:56]} 22. Rd1 {[%clk 0:01:58]}  Ne4 {[%clk 0:01:48]} 23. h3 {[%clk 0:01:47]}  h6 {[%clk 0:01:43]} 24. Kh2 {[%clk 0:01:46]}  Kh7 {[%clk 0:01:42]} 25. Rd4 {[%clk 0:01:42]}  c5 {[%clk 0:01:40]} 26. Rd3 {[%clk 0:01:42]}  Rd7 {[%clk 0:01:38]} 27. Rxd7 {[%clk 0:01:12]}  Qxd7 {[%clk 0:01:38]} 28. Qc2 {[%clk 0:01:13]}  Qd2 {[%clk 0:01:35]} 29. Qb3 {[%clk 0:01:10]}  Qf2 {[%clk 0:01:29]} 30. Bc1 {[%clk 0:01:04]}  Qg3+ {[%clk 0:01:22]} 31. Kg1 {[%clk 0:01:02]}  Qe1+ {[%clk 0:01:23]} 0-1

[Event "April 9 Late 2024"]
[Site "Chess.com"]
[Date "2024.04.09"]
[Round "6"]
[White "Schitco, Ivan"]
[Black "Senthilkumar, Pranav"]
[Result "1-0"]
[Board "38"]
[WhiteFideId "13905465"]
[BlackFideId "2083477"]
[WhiteTitle "GM"]
[BlackTitle "CM"]
[WhiteElo "2788"]
[BlackElo "2538"]
[WhiteTeam "MDA"]
[BlackTeam "USA"]
[WhiteClock "0:00:29"]
[BlackClock "0:01:14"]
[Variant "Standard"]

1. c4 {[%clk 0:02:54]}  e5 {[%clk 0:02:58]} 2. Nc3 {[%clk 0:02:52]}  Nf6 {[%clk 0:02:58]} 3. Nf3 {[%clk 0:02:50]}  Nc6 {[%clk 0:02:58]} 4. g3 {[%clk 0:02:50]}  d5 {[%clk 0:02:57]} 5. cxd5 {[%clk 0:02:51]}  Nxd5 {[%clk 0:02:56]} 6. Bg2 {[%clk 0:02:52]}  Be6 {[%clk 0:02:56]} 7. d4 {[%clk 0:02:43]}  Nxc3 {[%clk 0:02:56]} 8. bxc3 {[%clk 0:02:43]}  exd4 {[%clk 0:02:56]} 9. Nxd4 {[%clk 0:02:35]}  Nxd4 {[%clk 0:02:41]} 10. Qxd4 {[%clk 0:02:18]}  Qxd4 {[%clk 0:02:35]} 11. cxd4 {[%clk 0:02:19]}  Bb4+ {[%clk 0:02:35]} 12. Bd2 {[%clk 0:02:19]}  Bxd2+ {[%clk 0:02:35]} 13. Kxd2 {[%clk 0:02:20]}  O-O-O {[%clk 0:02:35]} 14. e3 {[%clk 0:02:18]}  Rhe8 {[%clk 0:02:23]} 15. Rhc1 {[%clk 0:02:16]}  Bd5 {[%clk 0:02:22]} 16. Bh3+ {[%clk 0:02:05]}  Be6 {[%clk 0:02:17]} 17. Bxe6+ {[%clk 0:02:03]}  Rxe6 {[%clk 0:02:18]} 18. a4 {[%clk 0:02:01]}  c6 {[%clk 0:02:17]} 19. a5 {[%clk 0:01:56]}  Kc7 {[%clk 0:02:17]} 20. Rc5 {[%clk 0:01:54]}  b6 {[%clk 0:02:14]} 21. axb6+ {[%clk 0:01:51]}  axb6 {[%clk 0:02:15]} 22. Rg5 {[%clk 0:01:49]}  c5 {[%clk 0:02:08]} 23. Ra7+ {[%clk 0:01:38]}  Kc6 {[%clk 0:02:07]} 24. Rxf7 {[%clk 0:01:13]}  cxd4 {[%clk 0:02:03]} 25. e4 {[%clk 0:01:13]}  Rxe4 {[%clk 0:01:59]} 26. Kd3 {[%clk 0:01:06]}  Re1 {[%clk 0:01:52]} 27. Rgxg7 {[%clk 0:01:05]}  Rd1+ {[%clk 0:01:52]} 28. Ke2 {[%clk 0:01:04]}  Ra1 {[%clk 0:01:52]} 29. Rc7+ {[%clk 0:01:03]}  Kb5 {[%clk 0:01:52]} 30. Rgd7 {[%clk 0:00:56]}  Rxd7 {[%clk 0:01:39]} 31. Rxd7 {[%clk 0:00:57]}  Kc4 {[%clk 0:01:40]} 32. Rc7+ {[%clk 0:00:56]}  Kd5 {[%clk 0:01:40]} 33. Rxh7 {[%clk 0:00:52]}  Ra2+ {[%clk 0:01:40]} 34. Kd3 {[%clk 0:00:43]}  Ra3+ {[%clk 0:01:38]} 35. Ke2 {[%clk 0:00:43]}  Ra2+ {[%clk 0:01:38]} 36. Kf3 {[%clk 0:00:39]}  d3 {[%clk 0:01:33]} 37. Ke3 {[%clk 0:00:36]}  Ra3 {[%clk 0:01:23]} 38. Rd7+ {[%clk 0:00:32]}  Kc4 {[%clk 0:01:23]} 39. Rd4+ {[%clk 0:00:31]}  Kc3 {[%clk 0:01:13]} 40. Rxd3+ {[%clk 0:00:29]}  Kb2 {[%clk 0:01:14]} 41. Rxa3 {[%clk 0:00:26]}  Kxa3 {[%clk 0:01:14]} 42. f4 {[%clk 0:00:27]}  b5 {[%clk 0:01:14]} 43. f5 {[%clk 0:00:27]}  b4 {[%clk 0:01:15]} 44. f6 {[%clk 0:00:28]}  b3 {[%clk 0:01:15]} 45. f7 {[%clk 0:00:29]}  b2 {[%clk 0:01:14]} 46. f8=Q+ {[%clk 0:00:29]} 1-0

[Event "April 9 Late 2024"]
[Site "Chess.com"]
[Date "2024.04.09"]
[Round "6"]
[White "Wu, Derek"]
[Black "Pakleza, Zbigniew"]
[Result "0-1"]
[Board "42"]
[WhiteFideId "30914558"]
[BlackFideId "1119290"]
[WhiteTitle "FM"]
[BlackTitle "GM"]
[WhiteElo "2641"]
[BlackElo "2890"]
[WhiteTeam "USA"]
[BlackTeam "POL"]
[WhiteClock "0:00:52"]
[BlackClock "0:02:00"]
[Variant "Standard"]

1. c4 {[%clk 0:03:00]}  c6 {[%clk 0:02:59]} 2. Nf3 {[%clk 0:02:59]}  d5 {[%clk 0:02:59]} 3. d4 {[%clk 0:03:00]}  Nf6 {[%clk 0:02:59]} 4. e3 {[%clk 0:02:58]}  Bf5 {[%clk 0:02:59]} 5. Nc3 {[%clk 0:02:58]}  e6 {[%clk 0:02:59]} 6. Nh4 {[%clk 0:02:58]}  Be4 {[%clk 0:03:00]} 7. f3 {[%clk 0:02:58]}  Bg6 {[%clk 0:03:00]} 8. Qb3 {[%clk 0:02:57]}  Qb6 {[%clk 0:03:00]} 9. Nxg6 {[%clk 0:02:56]}  hxg6 {[%clk 0:03:01]} 10. Bd2 {[%clk 0:02:56]}  Nbd7 {[%clk 0:03:01]} 11. O-O-O {[%clk 0:02:33]}  Bd6 {[%clk 0:03:00]} 12. f4 {[%clk 0:01:57]}  Qxb3 {[%clk 0:02:59]} 13. axb3 {[%clk 0:01:57]}  Ng4 {[%clk 0:03:00]} 14. Re1 {[%clk 0:01:48]}  Nf2 {[%clk 0:02:51]} 15. Rg1 {[%clk 0:01:48]}  Rxh2 {[%clk 0:02:51]} 16. Be2 {[%clk 0:01:42]}  Nf6 {[%clk 0:02:46]} 17. g4 {[%clk 0:01:37]}  N6e4 {[%clk 0:02:34]} 18. f5 {[%clk 0:01:35]}  Ke7 {[%clk 0:02:16]} 19. fxg6 {[%clk 0:01:07]}  fxg6 {[%clk 0:02:17]} 20. Nxe4 {[%clk 0:01:07]}  Nxe4 {[%clk 0:02:16]} 21. Rh1 {[%clk 0:01:07]}  Rah8 {[%clk 0:02:01]} 22. Rxh2 {[%clk 0:00:57]}  Rxh2 {[%clk 0:02:02]} 23. c5 {[%clk 0:00:52]}  Bg3 {[%clk 0:02:00]} 0-1

[Event "April 9 Late 2024"]
[Site "Chess.com"]
[Date "2024.04.09"]
[Round "6"]
[White "Shankland, Sam"]
[Black "Martin Fuentes, Alberto"]
[Result "1-0"]
[Board "43"]
[WhiteFideId "2004887"]
[BlackFideId "2292289"]
[WhiteTitle "GM"]
[BlackTitle "FM"]
[WhiteElo "2883"]
[BlackElo "2636"]
[WhiteTeam "USA"]
[BlackTeam "ESP"]
[WhiteClock "0:01:31"]
[BlackClock "0:00:00"]
[Variant "Standard"]

1. d4 {[%clk 0:03:00]}  Nf6 {[%clk 0:01:01]} 2. c4 {[%clk 0:02:58]}  c5 {[%clk 0:01:01]} 3. e3 {[%clk 0:02:56]}  cxd4 {[%clk 0:01:00]} 4. exd4 {[%clk 0:02:57]}  d5 {[%clk 0:01:01]} 5. Nc3 {[%clk 0:02:57]}  g6 {[%clk 0:01:01]} 6. Qb3 {[%clk 0:02:56]}  Bg7 {[%clk 0:01:01]} 7. cxd5 {[%clk 0:02:56]}  O-O {[%clk 0:01:01]} 8. Be2 {[%clk 0:02:56]}  Nbd7 {[%clk 0:01:02]} 9. Bf3 {[%clk 0:02:54]}  Nb6 {[%clk 0:01:02]} 10. Nge2 {[%clk 0:02:54]}  Bg4 {[%clk 0:01:02]} 11. Bxg4 {[%clk 0:02:54]}  Nxg4 {[%clk 0:01:02]} 12. O-O {[%clk 0:02:53]}  Nf6 {[%clk 0:01:01]} 13. Nf4 {[%clk 0:02:53]}  Qd7 {[%clk 0:01:01]} 14. Nd3 {[%clk 0:02:44]}  Nfxd5 {[%clk 0:00:54]} 15. Nc5 {[%clk 0:02:43]}  Qc6 {[%clk 0:00:51]} 16. Rd1 {[%clk 0:02:41]}  Rab8 {[%clk 0:00:45]} 17. Bg5 {[%clk 0:02:35]}  Rfd8 {[%clk 0:00:42]} 18. Rac1 {[%clk 0:02:33]}  Nxc3 {[%clk 0:00:24]} 19. bxc3 {[%clk 0:02:32]}  Qd5 {[%clk 0:00:24]} 20. Bxe7 {[%clk 0:02:31]}  Re8 {[%clk 0:00:19]} 21. Bh4 {[%clk 0:02:31]}  Nc4 {[%clk 0:00:15]} 22. Bg3 {[%clk 0:02:30]}  Rbd8 {[%clk 0:00:09]} 23. Qxb7 {[%clk 0:02:26]}  h5 {[%clk 0:00:08]} 24. Qxd5 {[%clk 0:02:25]}  Rxd5 {[%clk 0:00:09]} 25. Re1 {[%clk 0:02:25]}  Rxe1+ {[%clk 0:00:08]} 26. Rxe1 {[%clk 0:02:24]}  Bh6 {[%clk 0:00:09]} 27. Kf1 {[%clk 0:02:08]}  Kg7 {[%clk 0:00:07]} 28. Re8 {[%clk 0:01:52]}  Bd2 {[%clk 0:00:06]} 29. Ne4 {[%clk 0:01:52]}  f5 {[%clk 0:00:04]} 30. Nxd2 {[%clk 0:01:50]}  Nxd2+ {[%clk 0:00:05]} 31. Ke2 {[%clk 0:01:50]}  Ne4 {[%clk 0:00:05]} 32. Re7+ {[%clk 0:01:36]}  Kf6 {[%clk 0:00:04]} 33. Rxa7 {[%clk 0:01:36]}  Nxc3+ {[%clk 0:00:05]} 34. Kd3 {[%clk 0:01:37]}  Nb5 {[%clk 0:00:03]} 35. Be5+ {[%clk 0:01:34]}  Kg5 {[%clk 0:00:00]} 36. Ra5 {[%clk 0:01:31]} 1-0